Java The Complete Reference (Record no. 25283)

MARC details
000 -LEADER
fixed length control field 00387nam a22001697a 4500
003 - CONTROL NUMBER IDENTIFIER
control field OSt
005 - DATE AND TIME OF LATEST TRANSACTION
control field 20211230142345.0
008 - FIXED-LENGTH DATA ELEMENTS--GENERAL INFORMATION
fixed length control field 211230b |||||||| |||| 00| 0 eng d
020 ## - INTERNATIONAL STANDARD BOOK NUMBER
International Standard Book Number 139781259002465
040 ## - CATALOGING SOURCE
Transcribing agency HU
050 ## - LIBRARY OF CONGRESS CALL NUMBER
Classification number 005.2762
082 ## - DEWEY DECIMAL CLASSIFICATION NUMBER
Classification number 005.2762
100 ## - MAIN ENTRY--PERSONAL NAME
Personal name Schildt Herbert
9 (RLIN) 25763
245 ## - TITLE STATEMENT
Title Java The Complete Reference
250 ## - EDITION STATEMENT
Edition statement 8th
942 ## - ADDED ENTRY ELEMENTS (KOHA)
Source of classification or shelving scheme Dewey Decimal Classification
Koha item type Books like text book referance book
Suppress in OPAC No
Holdings
Withdrawn status Lost status Source of classification or shelving scheme Damaged status Not for loan Home library Current library Shelving location Date acquired Full call number Barcode Date last seen Copy number Price effective from Koha item type Total Checkouts
    Dewey Decimal Classification     IoT Library IoT Library General Stacks 12/30/2021 005.2762-SCH-2011 IOTL0002303 12/30/2021 1 12/30/2021 Books like text book referance book  
    Dewey Decimal Classification     IoT Library IoT Library General Stacks 12/30/2021 005.2762-SCH-2011 IOTL0002304 12/30/2021 2 12/30/2021 Books like text book referance book  
    Dewey Decimal Classification     IoT Library IoT Library General Stacks 12/30/2021 005.2762-SCH-2011 IOTL0002305 12/30/2021 3 12/30/2021 Books like text book referance book  
    Dewey Decimal Classification     IoT Library IoT Library General Stacks 12/30/2021 005.2762-SCH-2011 IOTL0002306 12/30/2021 4 12/30/2021 Books like text book referance book  
    Dewey Decimal Classification     IoT Library IoT Library General Stacks 12/30/2021 005.2762-SCH-2011 IOTL0002307 12/30/2021 5 12/30/2021 Books like text book referance book  
    Dewey Decimal Classification     IoT Library IoT Library General Stacks 12/30/2021 005.2762-SCH-2011 IOTL0002308 12/30/2021 7 12/30/2021 Books like text book referance book  
    Dewey Decimal Classification     IoT Library IoT Library General Stacks 12/30/2021 005.2762-SCH-2011 IOTL0002309 12/30/2021 8 12/30/2021 Books like text book referance book  
    Dewey Decimal Classification     IoT Library IoT Library General Stacks 12/30/2021 005.2762-SCH-2011 IOTL0002310 12/30/2021 9 12/30/2021 Books like text book referance book  
    Dewey Decimal Classification     IoT Library IoT Library General Stacks 12/30/2021 005.2762-SCH-2011 IOTL0002311 12/30/2021 10 12/30/2021 Books like text book referance book  
    Dewey Decimal Classification     IoT Library IoT Library General Stacks 03/03/2022 005.2762-SCH-2011 IOTL0015957 03/03/2022 11 03/03/2022 Books like text book referance book  
    Dewey Decimal Classification     IoT Library IoT Library General Stacks 03/03/2022 005.2762-SCH-2011 IOTL0015958 03/03/2022 12 03/03/2022 Books like text book referance book  
    Dewey Decimal Classification     IoT Library IoT Library General Stacks 03/03/2022 005.2762-SCH-2011 IOTL0015959 03/03/2022 13 03/03/2022 Books like text book referance book